Sports Quiz

Random Sports or Football Quiz

NFL 4+ Rushing TDs in a Game Quiz Stats

Quiz Updated Jan 8, 2017

Challenge
Share
Tweet
Embed
Score 0/50 Timer 06:00
3 Plays Today
Year Player % Correct
2006LaDainian Tomlinson
94.4%
2006LaDainian Tomlinson
94.4%
2007LaDainian Tomlinson
94.4%
2014Marshawn Lynch
91.6%
2002Shaun Alexander
89.2%
2005Shaun Alexander
89.2%
2005Shaun Alexander
89.2%
2008Ronnie Brown
89%
1961Jim Brown
88.8%
1962Jim Brown
88.8%
2008DeAngelo Williams
86.9%
2008DeAngelo Williams
86.9%
1979Clarence Williams
85.8%
1990Emmitt Smith
85.5%
1995Emmitt Smith
85.5%
2008Michael Turner
82.8%
2002Priest Holmes
82%
2004Priest Holmes
82%
2000Marshall Faulk
79.2%
2006Joseph Addai
76.7%
1991Barry Sanders
74.7%
2012Doug Martin
69.9%
2007Jamal Lewis
60.8%
1961Jim Taylor
55.3%
1962Jim Taylor
55.3%
Year Player % Correct
1962Jim Taylor
55.3%
2000Mike Anderson
53%
1997Corey Dillon
44.7%
2003Clinton Portis
43.8%
1978Earl Campbell
43.1%
1965Gale Sayers
38%
1988Eric Dickerson
36.3%
2014Jonas Gray
36%
2004Willis McGahee
35.5%
1997James Stewart
31%
2000Dorsey Levens
29.8%
2004T.J. Duckett
21.8%
1971Calvin Hill
18.3%
1988Curt Warner
17%
1990Lorenzo White
16.8%
1995Rodney Hampton
12.1%
1977Wayne Morris
8.5%
1981Chuck Muncie
6.9%
1968Leroy Kelly
6.5%
2004Derrick Blaylock
4.4%
1993Ronald Moore
2.8%
1973Bobby Douglass
1.8%
1978Terdell Middleton
1.5%
1961Billy Kilmer
1.2%
1979Roland Hooks
0.7%

You're not logged in!

Compare scores with friends on all Sporcle quizzes.
Join for Free
OR
Log In

You Might Also Like...

Show Comments

Extras

Top Quizzes Today


Score Distribution

Your Account Isn't Verified!

In order to create a playlist on Sporcle, you need to verify the email address you used during registration. Go to your Sporcle Settings to finish the process.

Report this User

Report this user for behavior that violates our Community Guidelines.

Details: